Alternatívne procesy odstraňovania dusíka z odpadových vôd – prevádzka nitritačného reaktora
Enregistré dans:
| Auteur principal: | |
|---|---|
| Autres auteurs: | |
| Format: | Manuscrit Livre |
| Langue: | slovaque |
| Publié: |
2016
|
| Sujets: | |
| Accès en ligne: | http://is.stuba.sk/zp/portal_zp.pl?podrobnosti=102242 |
| Tags: |
Pas de tags, Soyez le premier à ajouter un tag!
|
MARC
| LEADER | 00000ntm a22000003a 4500 | ||
|---|---|---|---|
| 001 | stuzp52737 | ||
| 003 | SK-STU | ||
| 005 | 20160719154250.1 | ||
| 007 | ta | ||
| 008 | 150427s2015----xo-----f-mn---000-0-slo-d | ||
| 040 | |a STU |b slo | ||
| 041 | 0 | |a slo | |
| 100 | 1 | |a Mikušová, Denisa |u 046290 |4 aut |U FCHPT Ústav chemického a environmentálneho inžinierstva |T FCHPT Oddelenie environmentálneho inžinierstva |X 61548 |U C6290 |Y 120 |7 61548 | |
| 242 | 0 | 1 | |a Alternative processes of nitrogen removal - operation of nitritation reactor |y eng |
| 245 | 1 | 0 | |a Alternatívne procesy odstraňovania dusíka z odpadových vôd – prevádzka nitritačného reaktora |
| 260 | |c 2016 | ||
| 650 | 4 | |a nitritácia |2 slo | |
| 650 | 4 | |a odstraňovanie dusíka |2 slo | |
| 650 | 4 | |a inhibícia nitratácie |2 slo | |
| 650 | 4 | |a SBR reaktor |2 slo | |
| 650 | 4 | |a nábeh nitritačného rekatora |2 slo | |
| 650 | 4 | |a start-up of nitritation reactor |2 eng | |
| 650 | 4 | |a inhibition of nitratation |2 eng | |
| 650 | 4 | |a nitritation |2 eng | |
| 650 | 4 | |a nitrogen removal |2 eng | |
| 650 | 4 | |a SBR reactor |2 eng | |
| 700 | 1 | |a Drtil, Miloslav |u 046290 |k Z1 |4 ths |U FCHPT Ústav chemického a environmentálneho inžinierstva |T FCHPT Oddelenie environmentálneho inžinierstva |X 3377 |U C6290 |Y 120 |7 A000003377 | |
| 856 | 4 | |u http://is.stuba.sk/zp/portal_zp.pl?podrobnosti=102242 | |
| SQL | |a stuzp52737 |b DBP |c SLO |d Alternatívne procesy odstraňovania dusíka z odpadových vôd – prevádzka nitritačného reaktora |e 61548 |f Mikušová, Denisa |g 046290 |h 3377 |i Drtil, Miloslav |j 20160711 |k 753 |l 04 |m http://is.stuba.sk/zp/portal_zp.pl?podrobnosti=102242 |n B-CHEMAT |o 4.1.14. chémia, 5.2.18. chemické technológie | ||